LEADER 00923nam0-22003011i-450- 001 990000706540403321 005 20160420095736.0 035 $a000070654 035 $aFED01000070654 035 $a(Aleph)000070654FED01 035 $a000070654 100 $a20020821d1964----km-y0itay50------ba 101 0 $aita 102 $aIT 105 $aa-------001yy 200 1 $a<>chiesa e il campanile della Pietrasanta in Napoli$fGiancarlo Alisio 210 $aNapoli$cArte tipografica$d1964 215 $a228 p.$cill.$d28 cm 300 $aEstratto da: Napoli Nobilissima, vol. III, fasc. VI, mar.-apr. 1964 676 $a726.6 700 1$aAlisio,$bGiancarlo$f<1930-2005>$010378 801 0$aIT$bUNINA$gRICA$2UNIMARC 901 $aBK 912 $a990000706540403321 952 $aSEZ.NA M 10$b6504/1830$fFARBC 959 $aFARBC 996 $aChiesa e il campanile della Pietrasanta in Napoli$9324096 997 $aUNINA LEADER 00930nam0 22003011i 450 001 990002110470403321 005 20101115164411.0 035 $a000211047 035 $aFED01000211047 035 $a(Aleph)000211047FED01 035 $a000211047 100 $a20030910d1996----km-y0itay50------ba 101 0 $aeng 102 $aUS 200 1 $aSchaum's outline of theory and problems of international economics$fDominick Salvatore 205 $a4. 210 $aNew York$cMcGraw-Hill Companies Inc.$d1996 215 $aVIII, 276 p.$d28 cm 225 1 $aSchaum's outline series 610 0 $aEconomia Internazionale 700 1$aSalvatore,$bDominick$f<1940- >$01786 801 0$aIT$bUNINA$gRICA$2UNIMARC 901 $aBK 912 $a990002110470403321 952 $a62 330.191.6 SAL$bDEPA 8058$fDAGEA 959 $aDAGEA 996 $aSchaum's outline of theory and problems of international economics$9394988 997 $aUNINA